Diseño de un mini acueducto por gravedad (MAG), en la comunidad El Barro, municipio de Quilali, departamento de Nueva Segovia

Presenta un diseña un mini acueducto por gravedad, realiza una encuesta para determinar las condiciones socioeconómicas, así como la demanda de servicios de agua potable y saneamiento, de las familias de la comunidad de El Barro.

Bibliographic Details
Main Authors: Gutiérrez Chavarría, Bryan José, Aguilar Padilla, Pablo Arcadio
Other Authors: Tutor: Baltodano, José Ángel
Format: Tesis Section = Libro
Language:Undetermined
Spanish
Published: Managua UNI/RUACS 2020
Subjects:
LEADER 01186nam a2200289Ia 4500
008 240830s9999 xx 000 0 und d
040 |a BIBLIOTECA-RUPAP Mon 628.72 G984 
041 |a spa 
082 |a Mon 628.72 G984 
100 1 |a Gutiérrez Chavarría, Bryan José 
100 1 |b  Aguilar Padilla, Pablo Arcadio 
245 1 0 |a Diseño de un mini acueducto por gravedad (MAG), en la comunidad El Barro, municipio de Quilali, departamento de Nueva Segovia 
260 |a Managua  |b UNI/RUACS  |c 2020 
300 |a 83 p. :il. 
500 |a Contiene: anexos y CD. 
502 |a Tesis (Ingeniero Civil)- UNI, 2020. 
520 3 |a Presenta un diseña un mini acueducto por gravedad, realiza una encuesta para determinar las condiciones socioeconómicas, así como la demanda de servicios de agua potable y saneamiento, de las familias de la comunidad de El Barro. 
650 7 |a AGUA-ABASTECIMIENTO 
650 7 |b AGUA POTABLE 
650 7 |c ACUEDUCTO POR GRAVEDAD-DISEÑO Y CONSTRUCCION 
650 7 |d ANALISIS HIDRAULICO 
650 7 |e SUMINISTRO DE AGUA 
650 7 |f CONSUMO DE AGUA 
700 1 |a Tutor:  |b Baltodano, José Ángel 
942 |c BK  |2 ddc 
991 |a TESIS 
999 |c 16503